00409nam a2200157Ia 4500008004100000020001400041040001900055041001200074082002300086100002000109245003500129260003300164300002100197650002300218850001000241131103s9999 xx 000 0 und d a394504771 aLoreto College aEnglish aF/SETbLCLIB/33013 aSettle,Mary Lee 4aThe ScapegoatcMary Lee Settle aNew YorkbRamdom Housec1980 a278 p. c 24 cm. aFiction in English aLCLIB